[Event "4. Open Ciudad de Tres Cantos 2012"]
[Site "Tres Cantos ESP"]
[Date "2012.06.23"]
[Round "3.2"]
[White "Renteria, Jorge"]
[Black "Santamaria Baeza, Adolfo"]
[Result "1-0"]
[WhiteElo "2326"]
[BlackElo "1934"]
[PlyCount "65"]
[EventDate "2012.06.21"]
[EventType "swiss"]
[EventRounds "9"]
[EventCountry "ESP"]
[Source "lmi"]
[SourceDate "2012.06.21"]

1. e4 e5 2. Nf3 Nc6 3. Bb5 a6 4. Ba4 Qf6 5. O-O Bc5 6. c3 h6 7. d4 Bd6 8. Be3
Nge7 9. Nbd2 Ng6 10. Bxc6 dxc6 11. Nxe5 Nxe5 12. dxe5 Qxe5 13. f4 Qb5 14. b4 c5
15. e5 Be7 16. c4 Qxb4 17. Rb1 Qc3 18. Rb3 Qa5 19. f5 b5 20. e6 h5 21. Qf3 Rb8
22. Qc6+ Kf8 23. Bxc5 Qxd2 24. Bxe7+ Kg8 25. Qe8+ Kh7 26. Qxf7 Bb7 27. Qxh5+
Qh6 28. Qf7 Bxg2 29. Kxg2 bxc4 30. Rh3 Rb2+ 31. Kg3 Qxh3+ 32. Kxh3 Rhb8 33. Bf6
1-0

[Event "4. Open Ciudad de Tres Cantos 2012"]
[Site "Tres Cantos ESP"]
[Date "2012.06.23"]
[Round "3.3"]
[White "Fernandez Blazquez, Diego"]
[Black "Lopez Heras, Arturo"]
[Result "1-0"]
[WhiteElo "2185"]
[BlackElo "1926"]
[PlyCount "51"]
[EventDate "2012.06.21"]
[EventType "swiss"]
[EventRounds "9"]
[EventCountry "ESP"]
[Source "lmi"]
[SourceDate "2012.06.21"]

1. e4 e5 2. Nf3 Nc6 3. Bb5 a6 4. Ba4 Nf6 5. O-O Nxe4 6. d4 exd4 7. Re1 d5 8.
Nxd4 Bd6 9. Nxc6 Bxh2+ 10. Kh1 Qh4 11. Rxe4+ dxe4 12. Qd8+ Qxd8 13. Nxd8+ Kxd8
14. Kxh2 Be6 15. c3 Ke7 16. Bf4 Rac8 17. Nd2 f5 18. f3 h6 19. fxe4 fxe4 20.
Nxe4 Rhf8 21. Bg3 Rf5 22. Re1 Kf7 23. Bd1 Ra5 24. a3 Bd5 25. Bg4 Re8 26. Bxc7
1-0

[Event "4. Open Ciudad de Tres Cantos 2012"]
[Site "Tres Cantos ESP"]
[Date "2012.06.23"]
[Round "3.4"]
[White "Martin Garcia, Guillermo"]
[Black "Aguado Solana, Juan"]
[Result "0-1"]
[WhiteElo "1977"]
[BlackElo "2083"]
[PlyCount "140"]
[EventDate "2012.06.21"]
[EventType "swiss"]
[EventRounds "9"]
[EventCountry "ESP"]
[Source "lmi"]
[SourceDate "2012.06.21"]

1. e4 c5 2. Nf3 e6 3. d3 d5 4. Nbd2 Nf6 5. g3 Be7 6. Bg2 Nc6 7. O-O O-O 8. Re1
Qc7 9. e5 Nd7 10. Qe2 Nb4 11. Nf1 c4 12. d4 c3 13. a3 Nc6 14. b3 a5 15. Rd1 a4
16. b4 Nb6 17. Ne1 Na7 18. Ne3 Bd7 19. f4 f6 20. f5 Bb5 21. Qg4 fxe5 22. fxe6
e4 23. Nf5 Rxf5 24. Qxf5 Rf8 25. Qg4 Qc4 26. Bf4 Qe2 27. Bh3 g5 28. Ng2 Qxg4
29. Bxg4 gxf4 30. Nxf4 Bg5 31. Bh5 Be8 32. Bxe8 Rxe8 33. Rf1 Nb5 34. Ne2 Rxe6
35. h4 Be3+ 36. Kg2 Bxd4 37. Rf5 Nc4 38. Kh3 Ne3 39. Rg5+ Rg6 40. Rh5 Nxc2 41.
Rc1 Nbxa3 42. Nxd4 Nxd4 43. Rxc3 Nab5 44. Rc8+ Kg7 45. Rxd5 Rc6 46. Re8 Rd6 47.
Rg5+ Kf6 48. Rxe4 a3 49. Rf4+ Ke6 50. Re4+ Kd7 51. Rg7+ Kc6 52. Rxh7 a2 53. Re1
Nb3 54. Rh5 Nc3 55. Rh8 Kb5 56. Rb8 Ra6 57. Rxb7+ Ka4 58. b5 Ra5 59. b6 Nb1 60.
Ra7 a1=Q 61. b7 Qh8 62. Rxa5+ Nxa5 63. Rxb1 Nxb7 64. Rf1 Kb5 65. Rf3 Kc6 66. g4
Nd6 67. h5 Qh6 68. Kh4 Ne4 69. Rf1 Qe3 70. h6 Qxh6# 0-1

[Event "4. Open Ciudad de Tres Cantos 2012"]
[Site "Tres Cantos ESP"]
[Date "2012.06.23"]
[Round "3.5"]
[White "Ledo Galan, Jose Emilio"]
[Black "Marcos Herrero, Francisco"]
[Result "0-1"]
[WhiteElo "2079"]
[BlackElo "1914"]
[PlyCount "62"]
[EventDate "2012.06.21"]
[EventType "swiss"]
[EventRounds "9"]
[EventCountry "ESP"]
[Source "lmi"]
[SourceDate "2012.06.21"]

1. e4 c5 2. Nc3 Nc6 3. d3 g6 4. f4 d6 5. Nf3 Bg7 6. Be2 e6 7. O-O Nge7 8. Kh1
O-O 9. Be3 Nd4 10. Qd2 Nec6 11. Bd1 b6 12. Rb1 Bb7 13. Ne2 Nxf3 14. Rxf3 d5 15.
exd5 Qxd5 16. b3 Nd4 17. Nxd4 cxd4 18. Bg1 Rac8 19. Rg3 Qd6 20. Rh3 Rfd8 21.
Bf2 Bd5 22. a4 h5 23. Bg3 Qc6 24. Bh4 Rd7 25. Rg3 a5 26. Rb2 Kh7 27. f5 exf5
28. Bxh5 Qc3 29. Qc1 Re8 30. Rb1 Bh6 31. Bg5 Rde7 0-1

[Event "4. Open Ciudad de Tres Cantos 2012"]
[Site "Tres Cantos ESP"]
[Date "2012.06.23"]
[Round "3.6"]
[White "Rodriguez Dorado, Victor"]
[Black "Lopez De Turiso, Jose Angel"]
[Result "1/2-1/2"]
[WhiteElo "1946"]
[BlackElo "2044"]
[PlyCount "40"]
[EventDate "2012.06.21"]
[EventType "swiss"]
[EventRounds "9"]
[EventCountry "ESP"]
[Source "lmi"]
[SourceDate "2012.06.21"]

1. c4 f5 2. Nf3 Nf6 3. g3 e6 4. Bg2 d5 5. O-O Bd6 6. d3 c6 7. Nc3 O-O 8. e4
dxe4 9. dxe4 Qc7 10. Qb3 Kh8 11. Re1 e5 12. Bg5 fxe4 13. Nd2 e3 14. Bxe3 Ng4
15. Nde4 Nxe3 16. Rxe3 Be7 17. Qc2 Be6 18. Qe2 Nd7 19. a3 a5 20. Rf1 Rf7
1/2-1/2

[Event "4. Open Ciudad de Tres Cantos 2012"]
[Site "Tres Cantos ESP"]
[Date "2012.06.23"]
[Round "3.7"]
[White "De La Orden Alcocer, Alejandro"]
[Black "Cano Cabanillas, Javier"]
[Result "1/2-1/2"]
[WhiteElo "1839"]
[BlackElo "2024"]
[PlyCount "33"]
[EventDate "2012.06.21"]
[EventType "swiss"]
[EventRounds "9"]
[EventCountry "ESP"]
[Source "lmi"]
[SourceDate "2012.06.21"]

1. c4 Nf6 2. Nf3 g6 3. g3 Bg7 4. Nc3 d5 5. cxd5 Nxd5 6. Bg2 Nc6 7. O-O O-O 8.
d3 Nxc3 9. bxc3 Bxc3 10. Rb1 Bg7 11. Qa4 Nd4 12. Nxd4 Bxd4 13. Bh6 Re8 14. Bxb7
Bxb7 15. Rxb7 Bb6 16. Qe4 Qd6 17. Rc1 1/2-1/2

[Event "4. Open Ciudad de Tres Cantos 2012"]
[Site "Tres Cantos ESP"]
[Date "2012.06.23"]
[Round "3.8"]
[White "Nuñez Miranda, Adrian"]
[Black "Adan Bermudez, Sergio"]
[Result "0-1"]
[WhiteElo "1902"]
[BlackElo "2320"]
[PlyCount "98"]
[EventDate "2012.06.21"]
[EventType "swiss"]
[EventRounds "9"]
[EventCountry "ESP"]
[Source "lmi"]
[SourceDate "2012.06.21"]

1. e4 c5 2. Nf3 Nc6 3. Bb5 Nf6 4. Bxc6 dxc6 5. d3 Bg4 6. Bf4 Nh5 7. Be3 e5 8.
h3 Bxf3 9. Qxf3 g6 10. Nd2 Qc7 11. g4 Nf4 12. Bxf4 exf4 13. c3 O-O-O 14. O-O-O
Bg7 15. Nb3 b6 16. h4 Rhe8 17. Kb1 a5 18. a4 Kb7 19. d4 cxd4 20. cxd4 Qe7 21.
d5 cxd5 22. exd5 Qe2 23. Qxe2 Rxe2 24. Rd2 Rxd2 25. Nxd2 Rxd5 26. Nc4 Rd4 27.
b3 Rd3 28. Ka2 Rf3 29. Rh2 Bd4 30. Nd6+ Kc6 31. Nxf7 Rxf2+ 32. Rxf2 Bxf2 33. h5
Kd5 34. Kb2 Bh4 35. hxg6 hxg6 36. Nh8 Bf6+ 37. Kc2 Bxh8 38. Kd3 g5 39. Ke2 Ke4
40. Kf2 Bd4+ 41. Kf1 f3 42. Ke1 Ke3 43. Kf1 Bc3 44. b4 axb4 45. a5 b3 46. axb6
b2 47. Kg1 b1=R+ 48. Kh2 Be5+ 49. Kh3 Rh1# 0-1

[Event "4. Open Ciudad de Tres Cantos 2012"]
[Site "Tres Cantos ESP"]
[Date "2012.06.23"]
[Round "3.9"]
[White "Garcia De Quesada, Ignacio"]
[Black "Rodrigo Yanguas, Maria"]
[Result "0-1"]
[WhiteElo "1909"]
[BlackElo "2198"]
[PlyCount "50"]
[EventDate "2012.06.21"]
[EventType "swiss"]
[EventRounds "9"]
[EventCountry "ESP"]
[Source "lmi"]
[SourceDate "2012.06.21"]

1. d4 d5 2. c4 Nc6 3. e3 e5 4. dxe5 d4 5. a3 Nge7 6. Nf3 Bg4 7. Be2 dxe3 8.
Qxd8+ Rxd8 9. Bxe3 Nf5 10. Bg5 Rd7 11. Nbd2 h6 12. Bf4 g5 13. Bg3 Bg7 14. O-O-O
O-O 15. Rhe1 Nxg3 16. hxg3 Bf5 17. Nb3 Nxe5 18. Nc5 Rxd1+ 19. Rxd1 Re8 20. Nxe5
Rxe5 21. Rd5 Rxe2 22. Rxf5 Rxb2 23. Nd3 Rb3 24. Nc5 Rc3+ 25. Kd2 b6 0-1

[Event "4. Open Ciudad de Tres Cantos 2012"]
[Site "Tres Cantos ESP"]
[Date "2012.06.23"]
[Round "3.10"]
[White "Fernandez Gil, Ruben Carlos"]
[Black "Pastor Alonso De Prado, Alberto"]
[Result "0-1"]
[WhiteElo "1888"]
[BlackElo "2191"]
[PlyCount "124"]
[EventDate "2012.06.21"]
[EventType "swiss"]
[EventRounds "9"]
[EventCountry "ESP"]
[Source "lmi"]
[SourceDate "2012.06.21"]

1. e4 e5 2. Nf3 Nc6 3. Bb5 Nf6 4. O-O Nxe4 5. d4 Nd6 6. Bxc6 bxc6 7. dxe5 Nb7
8. Qe2 Be7 9. Nc3 Nc5 10. Be3 Ba6 11. Qd2 Bxf1 12. Rxf1 Ne6 13. Nd4 Nxd4 14.
Qxd4 O-O 15. f4 d6 16. Qe4 Qe8 17. Rf3 f5 18. Qd3 Kh8 19. Ne2 dxe5 20. fxe5 Rd8
21. Qc3 Rd1+ 22. Kf2 Qd7 23. Nf4 Bg5 24. e6 Qe8 25. Bc5 Bh4+ 26. g3 Bf6 27. Qb4
Rg8 28. Re3 g5 29. Nd3 Qh5 30. Kg2 f4 31. Bd4 Qh6 32. Rf3 Qg7 33. Bf2 Rd8 34.
Qe4 Rd2 35. Qxc6 Qe7 36. gxf4 gxf4 37. Nxf4 Bd4 38. Nd3 Bxf2 39. Nxf2 Qg5+ 40.
Rg3 Qd5+ 41. Qxd5 R2xd5 42. Nd3 Re8 43. Re3 Rf5 44. h4 Kg7 45. b4 Kf6 46. Nc5
Rg8+ 47. Kh3 Rf1 48. Kh2 Rf4 49. Kh3 Rxb4 50. Rf3+ Ke7 51. Rc3 Rb1 52. Kh2 Re1
53. Nd3 Re2+ 54. Kh3 Re3+ 55. Kh2 Kd6 56. Ra3 Rxe6 57. Ra6+ Ke7 58. Rxa7 Re2+
59. Kh3 Rxc2 60. Nb4 Rc3+ 61. Kh2 Rc4 62. Nd5+ Kd6 0-1

[Event "4. Open Ciudad de Tres Cantos 2012"]
[Site "Tres Cantos ESP"]
[Date "2012.06.23"]
[Round "3.11"]
[White "Largo Barbero, Benito"]
[Black "Rivera Leon, Mauro Arturo"]
[Result "0-1"]
[WhiteElo "1864"]
[BlackElo "2097"]
[PlyCount "88"]
[EventDate "2012.06.21"]
[EventType "swiss"]
[EventRounds "9"]
[EventCountry "ESP"]
[Source "lmi"]
[SourceDate "2012.06.21"]

1. e4 e5 2. Bc4 Nf6 3. d3 c6 4. Qe2 d6 5. Nc3 b5 6. Bb3 Nbd7 7. a3 Nc5 8. Ba2
Ne6 9. Bxe6 fxe6 10. f3 Be7 11. Bd2 O-O 12. Nd1 Bd7 13. Ne3 a5 14. Nh3 Qb6 15.
Nf2 Nh5 16. g3 Rf7 17. Rf1 Raf8 18. Nh3 h6 19. Ng4 Kh7 20. Ng1 Nf6 21. Nxf6+
Bxf6 22. b3 c5 23. Rb1 Qa6 24. Kf2 Rc8 25. c4 Bc6 26. Kg2 Rb7 27. h4 Rcb8 28.
Ra1 bxc4 29. bxc4 Rb2 30. Kh3 d5 31. g4 dxc4 32. Qe3 Rd8 33. Bc1 Rxd3 34. Qxc5
Qb5 35. Qf8 Rd8 36. Qf7 c3 37. Bxh6 Qb7 38. Qxe6 Bd7 39. Qc4 Bb5 40. Qxc3 Bxf1+
41. Rxf1 gxh6 42. Qxa5 Rdd2 43. f4 Rh2+ 44. Kg3 Bxh4+ 0-1

[Event "4. Open Ciudad de Tres Cantos 2012"]
[Site "Tres Cantos ESP"]
[Date "2012.06.23"]
[Round "3.12"]
[White "Galan Fernandez, Felix"]
[Black "Saber, Salah"]
[Result "1/2-1/2"]
[WhiteElo "2085"]
[BlackElo "1929"]
[PlyCount "101"]
[EventDate "2012.06.21"]
[EventType "swiss"]
[EventRounds "9"]
[EventCountry "ESP"]
[Source "lmi"]
[SourceDate "2012.06.21"]

1. e4 e6 2. d4 d5 3. Nc3 dxe4 4. Nxe4 Nf6 5. Nxf6+ Qxf6 6. Nf3 h6 7. Bd3 Bd6 8.
O-O O-O 9. Qe2 Nc6 10. Qe4 Qf5 11. Qh4 Be7 12. Qg3 Bd6 13. Ne5 Bxe5 14. dxe5
Qxe5 15. Bf4 Qf6 16. Bxc7 Qxb2 17. Rab1 Qf6 18. Rb5 Re8 19. Re1 e5 20. Be4 Bf5
21. Bxc6 bxc6 22. Rbxe5 Rxe5 23. Bxe5 Qg6 24. Qxg6 Bxg6 25. c4 f6 26. Bd6 Bf7
27. Rc1 Rd8 28. c5 Bxa2 29. Re1 a6 30. f4 Bc4 31. Kf2 Ra8 32. g3 a5 33. Ra1 a4
34. Ra3 Bb3 35. Ke3 Kf7 36. Kd4 Ke6 37. g4 f5 38. gxf5+ Kxf5 39. Be5 Rd8+ 40.
Bd6 g5 41. fxg5 hxg5 42. Kc3 Ke4 43. Ra1 g4 44. Rg1 Rg8 45. Rf1 Ke3 46. Rf6 Bd5
47. Kb4 Ra8 48. Ka3 Kd3 49. Rf4 Be6 50. Rxa4 Rxa4+ 51. Kxa4 1/2-1/2

[Event "4. Open Ciudad de Tres Cantos 2012"]
[Site "Tres Cantos ESP"]
[Date "2012.06.23"]
[Round "3.13"]
[White "Alvarez Abejon, Amilcar"]
[Black "Campos Palacios, Daniel"]
[Result "1-0"]
[WhiteElo "2074"]
[BlackElo "1896"]
[PlyCount "97"]
[EventDate "2012.06.21"]
[EventType "swiss"]
[EventRounds "9"]
[EventCountry "ESP"]
[Source "lmi"]
[SourceDate "2012.06.21"]

1. e4 c5 2. Nf3 e6 3. c3 Nf6 4. e5 Nd5 5. g3 d6 6. exd6 Bxd6 7. Bg2 Nc6 8. O-O
O-O 9. d4 cxd4 10. Nxd4 Be5 11. Nxc6 bxc6 12. Qe2 Bf6 13. Rd1 Qb6 14. Nd2 Ba6
15. Qf3 Rad8 16. Ne4 Be5 17. h4 h6 18. Qh5 Nf6 19. Nxf6+ Bxf6 20. Rxd8 Rxd8 21.
Qf3 Rd5 22. Bxh6 Rf5 23. Be3 Qxb2 24. Qd1 Be2 25. Qc1 Qxc3 26. Qxc3 Bxc3 27.
Rc1 Bf6 28. Rxc6 Ra5 29. Rc8+ Kh7 30. Be4+ g6 31. Rc7 Kg7 32. Rxa7 Rxa7 33.
Bxa7 Bd8 34. f4 f5 35. Bc6 Ba5 36. Kf2 Bc4 37. a4 Kh6 38. Bb5 Bb3 39. Bc5 Bd5
40. Bf8+ Kh7 41. Ke2 Kg8 42. Ba3 Kf7 43. Bc1 Kg7 44. Bd2 Bxd2 45. Kxd2 Kh6 46.
a5 e5 47. fxe5 g5 48. hxg5+ Kxg5 49. Ke3 1-0

[Event "4. Open Ciudad de Tres Cantos 2012"]
[Site "Tres Cantos ESP"]
[Date "2012.06.23"]
[Round "3.14"]
[White "Ballesteros Jimenez, Miguel A"]
[Black "Erice Alonso, Santiago"]
[Result "0-1"]
[WhiteElo "1672"]
[BlackElo "2010"]
[PlyCount "50"]
[EventDate "2012.06.21"]
[EventType "swiss"]
[EventRounds "9"]
[EventCountry "ESP"]
[Source "lmi"]
[SourceDate "2012.06.21"]

1. e4 c5 2. Nc3 Nc6 3. f4 g6 4. Nf3 Bg7 5. Bb5 d6 6. O-O Bd7 7. Bxc6 Bxc6 8. d3
Nh6 9. Qe1 O-O 10. Bd2 e6 11. Qf2 b5 12. Rae1 b4 13. Nd1 a5 14. e5 Bxf3 15.
Qxf3 Nf5 16. Ne3 Nd4 17. Qg3 Nf5 18. Nxf5 exf5 19. Be3 Rc8 20. Qf2 dxe5 21.
Bxc5 exf4 22. d4 Rxc5 23. Qxf4 Qxd4+ 24. Kh1 Qxf4 25. Rxf4 Rxc2 0-1

[Event "4. Open Ciudad de Tres Cantos 2012"]
[Site "Tres Cantos ESP"]
[Date "2012.06.23"]
[Round "3.15"]
[White "Ruiz Sanchez, Roberto"]
[Black "Garcia Burguillo, Javier"]
[Result "1-0"]
[WhiteElo "2005"]
[BlackElo "1850"]
[PlyCount "71"]
[EventDate "2012.06.21"]
[EventType "swiss"]
[EventRounds "9"]
[EventCountry "ESP"]
[Source "lmi"]
[SourceDate "2012.06.21"]

1. e4 d5 2. exd5 Qxd5 3. Nc3 Qa5 4. d4 Nf6 5. Nf3 c6 6. Bc4 Bf5 7. Bd2 e6 8.
Nd5 Qd8 9. Nxf6+ gxf6 10. Bb3 Rg8 11. Qe2 Qc7 12. h3 Nd7 13. Nh4 Bg6 14. Bxe6
O-O-O 15. Nxg6 fxe6 16. Nxf8 Nxf8 17. g3 Rxd4 18. Bc3 Rd5 19. Bxf6 e5 20. O-O
Ne6 21. c4 Nd4 22. Qe4 Rd7 23. Rfe1 Re8 24. Kg2 c5 25. f4 Qb6 26. Bxe5 Qxb2+
27. Kh1 Rg8 28. Rab1 Qa3 29. Bxd4 cxd4 30. Rxb7 Rxb7 31. Qe6+ Kc7 32. Qxg8 Rb2
33. Qf7+ Kb6 34. Re6+ Ka5 35. Qxa7+ Kb4 36. Qe7+ 1-0

[Event "4. Open Ciudad de Tres Cantos 2012"]
[Site "Tres Cantos ESP"]
[Date "2012.06.23"]
[Round "3.16"]
[White "Heras Cuencas, Miguel Angel"]
[Black "Bartolome Chicharro, Jesus"]
[Result "1-0"]
[WhiteElo "1985"]
[BlackElo "1807"]
[PlyCount "65"]
[EventDate "2012.06.21"]
[EventType "swiss"]
[EventRounds "9"]
[EventCountry "ESP"]
[Source "lmi"]
[SourceDate "2012.06.21"]

1. d4 e6 2. c4 d5 3. Nc3 Nf6 4. Bg5 Be7 5. e3 O-O 6. Nf3 b6 7. Bxf6 Bxf6 8.
cxd5 exd5 9. Be2 Bb7 10. O-O Nd7 11. Qb3 c6 12. a4 Rc8 13. a5 b5 14. a6 Ba8 15.
e4 dxe4 16. Nxe4 Be7 17. Rfd1 Qb6 18. Ne5 Nxe5 19. dxe5 c5 20. Nd6 Bxd6 21.
Rxd6 Rc6 22. Rd7 c4 23. Qe3 c3 24. bxc3 Qxe3 25. fxe3 Rxc3 26. Rxa7 Rxe3 27.
Bf3 Bxf3 28. gxf3 Rxe5 29. Rb7 Ra8 30. a7 Ree8 31. Rb1 g6 32. R1xb5 Kg7 33. Rb8
1-0

[Event "4. Open Ciudad de Tres Cantos 2012"]
[Site "Tres Cantos ESP"]
[Date "2012.06.23"]
[Round "3.17"]
[White "Barroso Barroso, Jorge"]
[Black "Gomez Celdran, Francisco Miguel"]
[Result "1/2-1/2"]
[WhiteElo "1812"]
[BlackElo "1965"]
[PlyCount "59"]
[EventDate "2012.06.21"]
[EventType "swiss"]
[EventRounds "9"]
[EventCountry "ESP"]
[Source "lmi"]
[SourceDate "2012.06.21"]

1. f4 Nf6 2. Nf3 d5 3. e3 g6 4. Nc3 Bg7 5. Be2 O-O 6. O-O c5 7. Qe1 Nc6 8. a3
d4 9. Nd1 Re8 10. d3 e5 11. e4 Nh5 12. Nxe5 Nxe5 13. Bxh5 gxh5 14. fxe5 Bxe5
15. Qd2 Qd6 16. Qg5+ Qg6 17. Bf4 Qxg5 18. Bxg5 Kg7 19. Bf4 f6 20. b3 b5 21. a4
bxa4 22. Rxa4 a5 23. Nb2 Bd7 24. Raa1 Bb5 25. Bxe5 Rxe5 26. Rf4 Ra6 27. Raf1
Rae6 28. Ra1 Ra6 29. Raf1 Rae6 30. Ra1 1/2-1/2

[Event "4. Open Ciudad de Tres Cantos 2012"]
[Site "Tres Cantos ESP"]
[Date "2012.06.23"]
[Round "3.18"]
[White "Brull Cortes, Boris"]
[Black "Fernandez Muñoz, Emiliano"]
[Result "1-0"]
[WhiteElo "1959"]
[BlackElo "2050"]
[PlyCount "63"]
[EventDate "2012.06.21"]
[EventType "swiss"]
[EventRounds "9"]
[EventCountry "ESP"]
[Source "lmi"]
[SourceDate "2012.06.21"]

1. d4 Nf6 2. Nc3 d5 3. Bg5 Bf5 4. f3 Nc6 5. e3 a6 6. Bd3 Qd7 7. Nge2 Nb4 8. O-O
O-O-O 9. a3 Nc6 10. b4 Nb8 11. e4 dxe4 12. fxe4 Bg4 13. e5 Nd5 14. Nxd5 Qxd5
15. c4 Bxe2 16. cxd5 Bxd1 17. Raxd1 f6 18. Bf5+ Nd7 19. Bf4 Kb8 20. Rc1 Nb6 21.
Be6 f5 22. Rc5 g6 23. Rfc1 Na8 24. h4 h6 25. Bf7 e6 26. dxe6 Bxc5 27. dxc5 Rde8
28. Bxh6 c6 29. Bg7 Nc7 30. Bxh8 Rxh8 31. e7 Kc8 32. Rd1 1-0

[Event "4. Open Ciudad de Tres Cantos 2012"]
[Site "Tres Cantos ESP"]
[Date "2012.06.23"]
[Round "3.19"]
[White "Lorite Cruz, Francisco"]
[Black "Fernandez Sanchez, Lorenzo"]
[Result "1-0"]
[WhiteElo "2025"]
[BlackElo "1851"]
[PlyCount "67"]
[EventDate "2012.06.21"]
[EventType "swiss"]
[EventRounds "9"]
[EventCountry "ESP"]
[Source "lmi"]
[SourceDate "2012.06.21"]

1. e4 e5 2. Nf3 Nc6 3. d4 exd4 4. Nxd4 Nf6 5. Nxc6 bxc6 6. e5 Nd5 7. c4 Nb6 8.
Nc3 Be7 9. Bd3 O-O 10. Qc2 g6 11. Bh6 Re8 12. O-O d5 13. Rad1 Be6 14. Ne2 Bg4
15. h3 Bxe2 16. Bxe2 Bf8 17. Bxf8 Kxf8 18. f4 Qe7 19. cxd5 cxd5 20. Rc1 Rac8
21. Ba6 Nc4 22. Bxc4 dxc4 23. Qxc4 c5 24. Rfd1 Red8 25. b3 Rd7 26. Rxd7 Qxd7
27. b4 Qd2 28. bxc5 Rb8 29. Qc3 Qxf4 30. e6 Kg8 31. Rf1 Qc7 32. exf7+ Kf8 33.
Qh8+ Ke7 34. f8=Q+ 1-0

[Event "4. Open Ciudad de Tres Cantos 2012"]
[Site "Tres Cantos ESP"]
[Date "2012.06.23"]
[Round "3.21"]
[White "Lopez Ziegler, Carlos"]
[Black "Pindado Del Carmen, Eliseo"]
[Result "1-0"]
[WhiteElo "1913"]
[BlackElo "1596"]
[PlyCount "69"]
[EventDate "2012.06.21"]
[EventType "swiss"]
[EventRounds "9"]
[EventCountry "ESP"]
[Source "lmi"]
[SourceDate "2012.06.21"]

1. e4 c5 2. d4 cxd4 3. c3 dxc3 4. Nxc3 a6 5. Nf3 d6 6. Bc4 e6 7. O-O b5 8. Bb3
Bb7 9. Qe2 Be7 10. Rd1 Qc7 11. Bf4 e5 12. Bg5 f6 13. Be3 Nd7 14. Rac1 Nc5 15.
Nd5 Qb8 16. Qc2 Nh6 17. Bxc5 Bxd5 18. Bxd5 dxc5 19. Bxa8 Qxa8 20. Qd3 Nf7 21.
Qd7+ Kf8 22. Qe6 Nd8 23. Qb6 Kf7 24. Rd7 Ne6 25. Rcd1 Rb8 26. Rxe7+ Kxe7 27.
Qd6+ Kf7 28. Qd7+ Kg6 29. Qxe6 Qxe4 30. Re1 Qb4 31. Nxe5+ Kh5 32. Re3 Rd8 33.
Qf7+ Kg5 34. Qxg7+ Kf4 35. Qxf6# 1-0

[Event "4. Open Ciudad de Tres Cantos 2012"]
[Site "Tres Cantos ESP"]
[Date "2012.06.23"]
[Round "3.22"]
[White "Rodriguez Gomez, Jose"]
[Black "Pindado Campos, Raul"]
[Result "1/2-1/2"]
[WhiteElo "1708"]
[BlackElo "1908"]
[PlyCount "119"]
[EventDate "2012.06.21"]
[EventType "swiss"]
[EventRounds "9"]
[EventCountry "ESP"]
[Source "lmi"]
[SourceDate "2012.06.21"]

1. e4 c5 2. c4 g6 3. Nc3 Bg7 4. d3 d6 5. Be3 Nf6 6. Nf3 Nc6 7. Be2 O-O 8. O-O
Ng4 9. Bg5 a6 10. Rb1 f5 11. Nd5 fxe4 12. dxe4 Be6 13. b3 Rb8 14. h3 Nf6 15.
Bd3 Bxd5 16. exd5 Nb4 17. Qd2 Nxd3 18. Qxd3 b5 19. Rfe1 bxc4 20. Qxc4 a5 21.
Re6 Rb4 22. Qd3 Re8 23. Rbe1 Qc7 24. Bd2 Rbb8 25. Ng5 Qb7 26. Qf3 Qxd5 27. Qe2
h6 28. Nf3 Rf8 29. Bc3 Qc6 30. Qc4 Kh7 31. Rxe7 Qc8 32. Qe6 Qxe6 33. R1xe6 Ne8
34. Bxg7 Nxg7 35. Rxd6 Ra8 36. Rc6 a4 37. Rxc5 axb3 38. axb3 Ra1+ 39. Kh2 Rf1
40. Rcc7 Rg8 41. Kg3 Kh8 42. h4 Nf5+ 43. Kh3 Nxe7 44. Rxe7 Rxf2 45. Ne5 Rg7 46.
Re8+ Kh7 47. Rb8 Rb2 48. b4 g5 49. h5 Rb3+ 50. g3 Re7 51. Ng4 Re6 52. b5 Rf3
53. Rb7+ Kg8 54. Rc7 Rf8 55. Rc5 Rb8 56. Ne5 Kg7 57. Nc6 Rc8 58. Kg4 Kf6 59.
Rf5+ Kg7 60. Rc5 1/2-1/2

[Event "4. Open Ciudad de Tres Cantos 2012"]
[Site "Tres Cantos ESP"]
[Date "2012.06.23"]
[Round "3.23"]
[White "Montoya Pecurul, Marc"]
[Black "Palenciano Escolar, Adrian"]
[Result "1-0"]
[WhiteElo "1892"]
[BlackElo "1595"]
[PlyCount "51"]
[EventDate "2012.06.21"]
[EventType "swiss"]
[EventRounds "9"]
[EventCountry "ESP"]
[Source "lmi"]
[SourceDate "2012.06.21"]

1. e4 e5 2. Nf3 Nc6 3. Bb5 a6 4. Ba4 Nf6 5. O-O Be7 6. Re1 b5 7. Bb3 O-O 8. c3
d6 9. h3 Nb8 10. d4 Nbd7 11. Nbd2 Bb7 12. Bc2 c5 13. d5 c4 14. Nf1 Re8 15. Ng3
g6 16. Bh6 Bf8 17. Qd2 Bg7 18. Nh4 Qb6 19. Nhf5 Bh8 20. Qg5 Nc5 21. Re3 Bc8 22.
Rf3 Bxf5 23. Nxf5 Qd8 24. Re1 Nh5 25. Qxh5 f6 26. Qg4 1-0

[Event "4. Open Ciudad de Tres Cantos 2012"]
[Site "Tres Cantos ESP"]
[Date "2012.06.23"]
[Round "3.24"]
[White "Fernandez Garcia, Ignacio"]
[Black "Cortijo Manso, Luis"]
[Result "1-0"]
[WhiteElo "1870"]
[BlackElo "1561"]
[PlyCount "105"]
[EventDate "2012.06.21"]
[EventType "swiss"]
[EventRounds "9"]
[EventCountry "ESP"]
[Source "lmi"]
[SourceDate "2012.06.21"]

1. e4 c5 2. Nf3 e6 3. Nc3 Nc6 4. Ne2 a6 5. c3 d5 6. e5 d4 7. d3 Nge7 8. Bf4 Ng6
9. Bg3 Be7 10. Qd2 Qc7 11. Neg1 Ngxe5 12. Be2 Nxf3+ 13. Nxf3 e5 14. O-O O-O 15.
cxd4 cxd4 16. Rac1 Qd6 17. a3 Bf6 18. Ng5 Qd8 19. Ne4 Bh4 20. Bf3 Bxg3 21. Nxg3
Na5 22. Qe1 Re8 23. b4 Nc6 24. Bxc6 bxc6 25. Rxc6 Bb7 26. Rc5 f6 27. f3 Re6 28.
Qc1 Rc8 29. Qc4 Qd7 30. Rxc8+ Qxc8 31. Qxc8+ Bxc8 32. Rc1 Re8 33. Rc7 Rd8 34.
Nh5 Bd7 35. Kf2 Kf7 36. Ke2 Kg6 37. Ng3 f5 38. Kd2 Kg5 39. Ne2 f4 40. Nc1 h5
41. Nb3 g6 42. Nc5 Bf5 43. Nxa6 Ra8 44. b5 Bc8 45. Rc6 Bd7 46. Rc5 Kf5 47. a4
Bc8 48. Rc6 Bb7 49. Rb6 Bd5 50. Nc7 Rxa4 51. Nxd5 Ra2+ 52. Kc1 Rxg2 53. Ne7+
1-0

[Event "4. Open Ciudad de Tres Cantos 2012"]
[Site "Tres Cantos ESP"]
[Date "2012.06.23"]
[Round "3.25"]
[White "Galan Aguado, Fernando"]
[Black "Rausell Tamayo, Estrella"]
[Result "1-0"]
[WhiteElo "1839"]
[BlackElo "1308"]
[PlyCount "163"]
[EventDate "2012.06.21"]
[EventType "swiss"]
[EventRounds "9"]
[EventCountry "ESP"]
[Source "lmi"]
[SourceDate "2012.06.21"]

1. d4 d5 2. Nf3 Nf6 3. e3 e6 4. Bd3 c5 5. b3 Nc6 6. O-O Bd7 7. Bb2 cxd4 8. exd4
Rc8 9. a3 Bd6 10. Ne5 O-O 11. f4 Qb6 12. Kh1 Ne7 13. Rf3 Bb5 14. Rh3 Bxd3 15.
Qxd3 Bxe5 16. fxe5 Ne4 17. Nc3 Nf2+ 18. Kg1 Nxd3 19. Rxd3 Nf5 20. Rad1 f6 21.
Kf1 fxe5 22. Ke1 e4 23. R3d2 Qd8 24. Re2 Qh4+ 25. g3 Nxg3 26. hxg3 Qxg3+ 27.
Kd2 Qf4+ 28. Re3 Qh2+ 29. Ne2 g5 30. Rg1 h6 31. Bc1 Rf2 32. Re1 g4 33. Kd1 h5
34. Bd2 h4 35. c4 g3 36. Bb4 g2 37. Be7 Rf1 38. c5 Rxe1+ 39. Kxe1 Qh1+ 40. Kd2
g1=Q 41. Nxg1 Qxg1 42. Bd6 Qf2+ 43. Re2 Qxd4+ 44. Ke1 Rf8 45. Rg2+ Kf7 46. Rf2+
Kg6 47. Rxf8 Qe3+ 48. Kf1 h3 49. Rf2 Qxb3 50. Kg1 Kh5 51. Rf8 Kg4 52. Rf4+ Kh5
53. Rf7 Qc2 54. Rh7+ Kg4 55. Rg7+ Kf3 56. Rg3+ Ke2 57. Rxh3 Qd1+ 58. Kh2 Qf1
59. Rg3 Qf2+ 60. Rg2 e3 61. Bg3 Kd1 62. Bxf2 e2 63. Rg1+ Kd2 64. Rb1 e5 65.
Rxb7 e4 66. Rd7 e1=Q 67. Bxe1+ Kxe1 68. Rxd5 e3 69. Re5 Kd2 70. c6 e2 71. c7
e1=Q 72. Rxe1 Kxe1 73. c8=Q a6 74. Qe6+ Kd1 75. Qxa6 Kc2 76. Qc4+ Kd2 77. Qa2+
Kd1 78. Kg2 Kc1 79. Kf2 Kd1 80. Ke3 Kc1 81. Kd3 Kd1 82. Qd2# 1-0